[Event "Johor op-B 7th"]
[Site "Johor"]
[Date "2022.12.29"]
[Round "6"]
[White "Paramasivan, Prem Kumar"]
[Black "Bui, Quang Huy"]
[Result "1/2-1/2"]
[WhiteElo "1217"]
[BlackElo "1400"]
[PlyCount "95"]
[EventDate "2022.12.26"]
[EventType "swiss"]
[EventRounds "9"]
[EventCountry "MAS"]
[SourceTitle "EXT 2024"]
[Source "ChessBase"]
[SourceDate "2023.10.10"]
[SourceVersion "1"]
[SourceVersionDate "2023.10.10"]
[SourceQuality "1"]

1. d4 Nf6 2. c4 g6 3. Nc3 d5 4. cxd5 Nxd5 5. e4 Nxc3 6. bxc3 Bg7 7. Bc4 c5 8. Ne2 0-0 9. Be3 cxd4 10. cxd4 Nc6 11. 0-0 Qd7 12. Rc1 a6 13. a4 Qe8 14. Qd2 Bd7 15. h4 Rd8 16. Bh6 Bxh6 17. Qxh6 Na5 18. Ba2 Bxa4 19. h5 Bb3 20. hxg6 fxg6 21. Qd2 Qa4 22. Bxb3+ Nxb3 23. Qd1 b5 24. Rc6 Nxd4 25. Nxd4 Qxd4 26. Qb3+ Kh8 27. Rxa6 Qxe4 28. Qxb5 Rd5 29. Qb2+ Qe5 30. Qc1 Qg7 31. Ra7 Rdf5 32. Qa3 R5f7 33. Ra8 Qf6 34. Rxf8+ Rxf8 35. Qe3 e5 36. Re1 Re8 37. f4 e4 38. g3 h5 39. Kg2 Qc6 40. Rc1 Qd5 41. f5 Qxf5 42. Qh6+ Kg8 43. Rc7 Qf3+ 44. Kh2 Qf2+ 45. Kh1 Qf1+ 46. Kh2 Qe2+ 47. Kh1 Qf3+ 48. Kh2 1/2-1/2